LEADER 01349nam a2200301 i 4500 001 000000116046 003 CaOOAMICUS 005 20030606000000.0 008 030606s2000 it u000 u ita u 013 $a88735 020 $a88-215-4192-4 040 $aSeMil$bita 100 1 $aAccattoli, Luigi,$d<1943- >.$0(OLS)http://semarc/name/24191 245 10$aNuovi martiri :$b393 storie cristiane nell'Italia di oggi /$cLuigi Accattoli ; Prefazione di Angelo Comastri. 260 $aCinisello Balsamo :$bSan Paolo,$ccopyr. 2000. 300 $a287 p. ;$c22 cm. 490 0 $aTempi e figure ;$v36 500 $aContiene : Indice dei martiri. - Fondo Card. C.M. Martini. 650 4$aCattolici italiani - Sec. 20. - Biografie.$0(OLS)http://semarc/subject/19685 700 1 $aComastri, Angelo,$c.$0(OLS)http://semarc/name/5864 830 0$aTempi e figure ;$v36.$0(OLS)http://semarc/title/551 850 $aSeMil 852 $aSeMil$W1$xVenegono$y1$m3J III 284$j71529$B71529$CSeMilBibl$Z2$F76614 $81 941 1 $a4 961 $aOmaggio: Martini Card. Carlo Maria 996 $6020$a88-215-4192-4$9(OLS)http://semarc/number/100044 996 $6245$aNuovi martiri :$b393 storie cristiane nell'Italia di oggi$9(OLS)http://semarc/title/170093 996 $6260$aCinisello Balsamo :$bSan Paolo$9(OLS)http://semarc/publisher/30129 LEADER 01636nam a2200337 i 4500 001 000000248680 003 CaOOAMICUS 005 20220629121635.0 008 160407s1606 it u000 u lat u 013 $a227585 026 $an-at ist& t,ur quch (3) 1606 (R) 040 $aSeMil$bita 110 2 $aChiesa Cattolica.$0(OLS)http://semarc/name/987 245 10$aCaerimoniale episcoporum. Iussu Clementis 8. pont. max. novissimè reformatum. Omnibus ecclesijs; praecipue autem metropolitanis cathedralibus, & collegiatis perutile, ac necessarium. 260 $aRomae :$bTypis Lepidi Fatij,$c1606. 300 $a[8], 381, [3] p. :$bill., mus. ;$c4º. 500 $aFront. e testo stampati in rosso e nero. - Iniz. xilogr. 500 $aSegn.: ?4 A-3B4 650 4$aCerimoniale dei vescovi.$0(OLS)http://semarc/subject/1828 650 4$aVescovi - Elezione.$0(OLS)http://semarc/subject/10880 700 1 $aFaci, Lepido,$d.$0(OLS)http://semarc/name/83127 700 0 $aClemens VIII,$c.$0(OLS)http://semarc/name/3051 850 $aSeMil 852 $aSeMil$W1$xVenegono$y1$m3K IV 111 FA$j199026$B199026$CSeMilBibl$Z2$F210373 $8I 900 0 $aClemente VIII$c. 910 2 $aSanta Sede. 996 $6245$aCaerimoniale episcoporum. Iussu Clementis 8. pont. max. novissimè reformatum. Omnibus ecclesijs; praecipue autem metropolitanis cathedralibus, & collegiatis perutile, ac necessarium$9(OLS)http://semarc/title/350890 996 $6260$aRomae :$bTypis Lepidi Fatij$9(OLS)http://semarc/publisher/55301